000 00507nam a2200181Ia 4500
005 20250507130201.0
008 008 250505s9999 xx 000 0 eng d
037 _aSeries Article
040 _aEASL
_beng
_cEASL
041 _aeng
_2eng
084 _qEASL
245 0 _aFifth session of the ninth national people's congress
260 _aIndia
_bNew Delhi Embassy of the PRC
_c2002
300 _a9-19
650 _aChina; NPC NINTH
_9755016
942 _cSRA
999 _c1318187
_d1318187